000 00284nam a22001217a 4500
999 _c6052
_d6052
245 _aCustoms Act, 2017 (Act 949):
_bamendment
246 _aAct 949
260 _aAccra
_bAssembly Press
300 _a5p.
440 _aActs of Parliament
650 _aCustoms Amendment Act
942 _cREF